LIBRARY & INFORMATION CENTRE, KCAET, TAVANUR

ONLINE PUBLIC ACCESS CATALOGUE (OPAC)

Fisheries development:2000AD proceedings of an international conference held at Newdelhi,February 4-6,1985 / (Record no. 10691)

MARC details
000 -LEADER
fixed length control field 00533cam a2200169ua 4500
020 ## - INTERNATIONAL STANDARD BOOK NUMBER
ISBN 81 204 0116 6
041 ## - LANGUAGE CODE
Language code of text/sound track or separate title eng
082 ## - DEWEY DECIMAL CLASSIFICATION NUMBER
Classification number 028.7639
Item number TRI/FI
100 ## - MAIN ENTRY--AUTHOR NAME
Personal name Trivedi, K K .
245 ## - TITLE STATEMENT
Title Fisheries development:2000AD proceedings of an international conference held at Newdelhi,February 4-6,1985 /
260 ## - PUBLICATION, DISTRIBUTION, ETC. (IMPRINT)
Place of publication New Delhi :
Name of publisher Oxford & IBH Publishing company ,
Year of publication 1986.
300 ## - PHYSICAL DESCRIPTION
Number of Pages 269 ; .
942 ## - ADDED ENTRY ELEMENTS (KOHA)
Koha item type Books
Holdings
Withdrawn status Lost status Damaged status Home library Current library Date acquired Full call number Accession Number Koha item type
      KAUAET KAUAET 07/04/2012 028.7639 18027 Reference
free website counter